[Event "Bottom-Half Class U1900"]
[Site "Romulus, MI"]
[Date "2002.06.23"]
[Round "4.8"]
[White "Turner, Darrell"]
[Black "Skidmore, Jennifer"]
[Result "1-0"]
[WhiteElo "1781"]
[BlackElo "1832"]
[PlyCount "133"]
[EventDate "2002.06.21"]

1. e4 e5 2. Nf3 d6 3. d4 Nf6 4. Nc3 exd4 5. Nxd4 Be7 6. Be2 a6 7. O-O c5 8. Nf3
Nc6 9. h3 b5 10. Bf4 Ra7 11. Re1 O-O 12. Bf1 Re8 13. Nd5 Nxd5 14. Qxd5 Nb4 15.
Qd2 Rd7 16. c3 Nc6 17. Rad1 Bf6 18. Qc2 Bb7 19. a4 b4 20. Bc4 bxc3 21. bxc3 Ne7
22. Ng5 Bxg5 23. Bxg5 h6 24. Bh4 g5 25. Bg3 d5 26. exd5 Nxd5 27. Rxe8+ Qxe8 28.
Qf5 Qe6 29. Qxe6 fxe6 30. Be5 Kf7 31. Rb1 Kg6 32. Kh2 Kf5 33. Re1 Nb6 34. g4+
Kg6 35. Bxe6 Rd2 36. Bf5+ Kf7 37. Kg3 Nxa4 38. Rb1 Bd5 39. Ra1 Ba2 40. Be4 Nb6
41. Bc7 Nd7 42. Rxa2 Rxa2 43. Bd5+ Ke7 44. Bxa2 Nf6 45. f3 Ne8 46. Be5 a5 47.
Kf2 a4 48. Ke2 Kd7 49. Kd3 Kc6 50. Ke4 a3 51. Kf5 Kb5 52. Kg6 c4 53. Kxh6 Kc5
54. Kxg5 Kd5 55. Kf5 Kc5 56. h4 Kb5 57. h5 Kc5 58. h6 Kd5 59. h7 Nd6+ 60. Bxd6
Kxd6 61. h8=Q Kc5 62. Qd4+ Kc6 63. Qxc4+ Kd7 64. Ke5 Ke7 65. Qc7+ Ke8 66. Kf6
Kf8 67. Qf7# 1-0

[Event "Bottom-Half Class Top Section"]
[Site "Romulus, MI"]
[Date "2002.06.23"]
[Round "5.1"]
[White "Szpisjak, Steve"]
[Black "Gabbara, Faris"]
[Result "1/2-1/2"]
[WhiteElo "2230"]
[BlackElo "2053"]
[PlyCount "86"]
[EventDate "2002.06.21"]

1. d4 d5 2. c4 c6 3. Nc3 Nf6 4. e3 a6 5. Nf3 g6 6. Bd2 Bg7 7. Rc1 O-O 8. Be2
Bg4 9. O-O Re8 10. Qb3 b5 11. cxd5 cxd5 12. h3 Bf5 13. a4 bxa4 14. Nxa4 Nbd7
15. Nc5 Nxc5 16. Rxc5 Rb8 17. Qa3 Qb6 18. b4 Ne4 19. Rxd5 Nxd2 20. Nxd2 Qxb4
21. Qxb4 Rxb4 22. Bxa6 Ra8 23. Bc4 Ra2 24. Nf3 Be4 25. Rb5 Rxb5 26. Bxb5 Bxf3
27. gxf3 Ra8 28. f4 e6 29. Kg2 Bf6 30. Rc1 Bh4 31. Kf3 h5 32. Rc7 Kf8 33. Ke2
Rb8 34. Bd3 Rb2+ 35. Bc2 Rb8 36. e4 Rd8 37. Ke3 Bf6 38. Rc4 Ke7 39. f5 gxf5 40.
exf5 e5 41. dxe5 Bxe5 42. Rh4 Rh8 43. Bd1 Bf6 1/2-1/2

[Event "Bottom-Half Class U1700"]
[Site "Romulus, MI"]
[Date "2002.06.23"]
[Round "4.15"]
[White "Steen, Harold"]
[Black "Moore, Robert"]
[Result "1/2-1/2"]
[WhiteElo "1642"]
[BlackElo "1600"]
[PlyCount "110"]
[EventDate "2002.06.21"]

1. d4 Nf6 2. Nf3 g6 3. e3 Bg7 4. Bd3 d6 5. Nbd2 O-O 6. O-O Nbd7 7. c3 e5 8. Qe2
Re8 9. e4 Nh5 10. g3 Nf8 11. d5 Bh3 12. Re1 c6 13. c4 f5 14. exf5 gxf5 15. Nh4
Bg4 16. f3 Bh3 17. Nxf5 Qg5 18. Nf1 Nf4 19. Qe4 Nd7 20. Bxf4 exf4 21. Qxf4 Qf6
22. Nxg7 Kxg7 23. Qxf6+ Nxf6 24. g4 Bxf1 25. Kxf1 cxd5 26. cxd5 Nxd5 27. Rad1
Ne3+ 28. Rxe3 Rxe3 29. Be4 Rc8 30. Kf2 Rxe4 31. fxe4 Rc2+ 32. Kg3 Rxb2 33. Rxd6
Rxa2 34. Rd7+ Kg8 35. Rxb7 a5 36. h4 a4 37. Kf4 Ra1 38. Ra7 a3 39. Kg5 a2 40.
h5 Re1 41. Rxa2 Rxe4 42. Kf5 Re8 43. h6 Rb8 44. Ra6 Rb5+ 45. Kf6 Rb8 46. g5
Rf8+ 47. Ke6 Re8+ 48. Kd7 Rf8 49. Re6 Ra8 50. Ke7 Ra7+ 51. Kf6 Ra8 52. g6 hxg6
53. Kxg6 Kh8 54. h7 Rb8 55. Rf6 Ra8 1/2-1/2

[Event "Bottom-Half Class U1700"]
[Site "Romulus, MI"]
[Date "2002.06.23"]
[Round "5.14"]
[White "Steen, Harold"]
[Black "Griffin, John"]
[Result "1-0"]
[WhiteElo "1642"]
[BlackElo "1500"]
[PlyCount "87"]
[EventDate "2002.06.21"]

1. d4 d5 2. Nf3 Nf6 3. e3 e6 4. Bd3 c5 5. b3 b6 6. Bb2 Bd6 7. O-O cxd4 8. exd4
O-O 9. Ne5 Nfd7 10. f4 f5 11. Rf3 Nxe5 12. fxe5 Be7 13. Rh3 Ba6 14. Qh5 h6 15.
Qg6 Qe8 16. Qxe6+ Qf7 17. Bxf5 Qxe6 18. Bxe6+ Kh7 19. Nd2 Bc8 20. Bxd5 Bxh3 21.
gxh3 Na6 22. Bxa8 Rxa8 23. a3 Bh4 24. Nf3 Bg5 25. Kf1 Nc7 26. Ke2 Bf4 27. c4 a6
28. Bc1 Bxc1 29. Rxc1 b5 30. d5 bxc4 31. bxc4 Rb8 32. Rc3 Rb2+ 33. Ke3 Kg8 34.
e6 Kf8 35. Kd4 Ke7 36. Kc5 Nxe6+ 37. dxe6 Kxe6 38. Kc6 a5 39. c5 a4 40. Kc7 Kd5
41. c6 Re2 42. Kd7 Rb2 43. c7 Rb7 44. Kd8 1-0

[Event "Bottom-Half Class U1700"]
[Site "Romulus, MI"]
[Date "2002.06.23"]
[Round "5.11"]
[White "Schey, Danny"]
[Black "Robertson, John"]
[Result "0-1"]
[WhiteElo "1649"]
[BlackElo "1552"]
[PlyCount "68"]
[EventDate "2002.06.21"]

1. e4 c5 2. Nc3 Nc6 3. f4 e6 4. Nf3 d5 5. Bb5 Nf6 6. Bxc6+ bxc6 7. e5 Nd7 8.
O-O Ba6 9. Re1 Be7 10. b3 O-O 11. d3 c4 12. bxc4 dxc4 13. Rb1 cxd3 14. cxd3 Nb6
15. d4 c5 16. Ne4 cxd4 17. Nxd4 Bb7 18. Kh1 Qd5 19. Bb2 Bb4 20. Qg4 Kh8 21. Re3
Qxa2 22. Rd1 Bxe4 23. Rg3 g6 24. f5 Bxf5 25. Nxf5 Qxb2 26. Qh4 Qxe5 27. Rh3 h5
28. Nh6 Kg7 29. Ng4 hxg4 30. Qh6+ Kf6 31. Qh4+ g5 32. Qf2+ Ke7 33. Rb3 Bc5 34.
Qa2 Rh8 0-1

[Event "Bottom-Half Class U1500"]
[Site "Romulus, MI"]
[Date "2002.06.23"]
[Round "4.17"]
[White "Saylor, Oliver"]
[Black "Fick II, Douglas"]
[Result "1/2-1/2"]
[WhiteElo "1333"]
[BlackElo "1308"]
[PlyCount "142"]
[EventDate "2002.06.21"]

1. e4 c5 2. Nf3 d6 3. d4 cxd4 4. Nxd4 Nf6 5. Nc3 g6 6. Be3 Bg7 7. h3 O-O 8. Qd2
Nc6 9. Bc4 Bd7 10. a3 Rc8 11. Bb3 Ne5 12. Bh6 Nc4 13. Bxc4 Rxc4 14. Bxg7 Kxg7
15. O-O Qb6 16. e5 Rxd4 17. exf6+ exf6 18. Qc1 Re8 19. Nd1 Re2 20. Ne3 Rdd2 21.
Nc4 Rxf2 22. Nxd2 Rxd2+ 23. Kh1 Rf2 24. Qe1 Rxc2 25. Qe7 Bf5 26. b4 Qc6 27. Rf3
Qd5 28. Raf1 Qd2 29. R3f2 Qd3 30. Qxb7 Rxf2 31. Rxf2 Qxa3 32. Kh2 Qe3 33. Ra2
Qf4+ 34. Kg1 Qd4+ 35. Kh2 Qf4+ 36. Kh1 Be4 37. Qxa7 Qg3 38. Qf2 Qxh3+ 39. Kg1
Qc3 40. Rb2 d5 41. b5 d4 42. Qd2 h5 43. b6 Qxd2 44. Rxd2 d3 45. Kf2 f5 46. g3
Kh6 47. Ke3 Kg5 48. Rxd3 f6 49. Rd4 Bg2 50. Kf2 Bc6 51. Rb4 Bb7 52. Rd4 Bc6 53.
Rd6 Be4 54. b7 Bxb7 55. Rd4 Be4 56. Rd6 h4 57. gxh4+ Kxh4 58. Rxf6 g5 59. Ke3
Kh5 60. Re6 Kg4 61. Kf2 Kf4 62. Ra6 g4 63. Ra3 Kg5 64. Kg3 f4+ 65. Kf2 Bf5 66.
Kg2 Kh4 67. Ra4 f3+ 68. Kh2 Bd3 69. Rf4 Bb5 70. Kg1 Kg3 71. Rf7 f2+ 1/2-1/2

[Event "Bottom-Half Class U1700"]
[Site "Romulus, MI"]
[Date "2002.06.23"]
[Round "4.11"]
[White "Ryan, Mark"]
[Black "Schey, Danny"]
[Result "1-0"]
[WhiteElo "1669"]
[BlackElo "1649"]
[PlyCount "118"]
[EventDate "2002.06.21"]

1. c4 e5 2. g3 g6 3. Bg2 Bg7 4. Nc3 d6 5. e4 Ne7 6. Nge2 f5 7. d3 O-O 8. O-O
fxe4 9. dxe4 Be6 10. b3 Nbc6 11. Be3 Bg4 12. f3 Be6 13. Qd2 Rf7 14. Rae1 Qd7
15. Nd5 a5 16. a3 b6 17. Nxe7+ Nxe7 18. f4 Raf8 19. fxe5 Rxf1+ 20. Rxf1 Rxf1+
21. Bxf1 Bxe5 22. Nf4 Bf7 23. Bh3 Qc6 24. Nd5 Nxd5 25. exd5 Qe8 26. a4 Qe7 27.
Bg4 Bf6 28. Bf2 Qe4 29. Be2 Qb1+ 30. Qd1 Qb2 31. Qd3 Be8 32. Bg4 Be5 33. Be6+
Bf7 34. Bxf7+ Kxf7 35. Qf3+ Kg7 36. Qd3 Qc1+ 37. Kg2 Qb2 38. Kg1 Kf6 39. Qf3+
Ke7 40. Qe3 Kd8 41. Qg5+ Kc8 42. Qe7 Bf6 43. Qe8+ Bd8 44. Qe6+ Kb7 45. Qe3 Bf6
46. Qf3 Bc3 47. Qd1 Qa1 48. Qf1 Qxf1+ 49. Kxf1 c6 50. Ke2 Bb4 51. Kd3 cxd5 52.
cxd5 Kc7 53. Kc4 Kb7 54. Kb5 Bc5 55. Bxc5 bxc5 56. Kxa5 Ka7 57. Kb5 Kb7 58. a5
Kc7 59. a6 h6 1-0

[Event "Bottom-Half Class Top Section"]
[Site "Romulus, MI"]
[Date "2002.06.23"]
[Round "5.2"]
[White "Randall, Paul"]
[Black "Finegold, Ben"]
[Result "0-1"]
[WhiteElo "1978"]
[BlackElo "2639"]
[Annotator "Tim McGrew"]
[PlyCount "40"]
[EventDate "2002.06.21"]

{Benoni: Czech} 1. d4 Nf6 2. c4 c5 3. d5 e5 {Ben Finegold really likes this
setup. Objectively, it may be a bit dubious, but that is no reason that a 2600
player cannot use it to steamroll lesser mortals.} 4. Nc3 d6 5. e4 Be7 6. f3 $6
{I have some doubts about f3 when Black has not fianchettoed. The setup with
f3, Be3 and Qd2 is very much directed toward exchanging off a bishop on g7.
When Black declines to fianchetto, White's pieces can look misplaced.} (6. g3 {
looks better here. Black's plan in the game of} Nbd7 7. Bg2 Nf8 {makes less
sense with g3 played as the knight has nowhere useful to go from g6.}) 6...
Nbd7 7. Be3 Nf8 8. Qd2 Ng6 9. g3 a6 {We're about to depart from the beaten
theoretical path. So far we have been following Kubala-Kantsler, Bratislava
1993, which Black won in impressive style when his opponent castled queen-side.
White isn't quite that suicidal here.} 10. h4 h6 11. Nge2 Bd7 12. g4 Nh7 13. h5
Nh4 14. Ng1 Bg5 {This position illustrates Black's positional strategy: create
a dark square pawn formation, then trade off dark square bishops. This eases
Black's cramp and leaves him with reasonable play on both sides of the board.}
15. Bxg5 hxg5 16. Kf2 g6 $1 {The doubled g-pawns will be well shielded, and
Black is in a better position than White to take advantage of the open files.}
17. hxg6 fxg6 18. Nh3 O-O 19. Be2 Bxg4 $1 {There goes the neighborhood.} 20.
Rag1 Bxf3 {An abrupt finish.} 0-1

[Event "Bottom-Half Class Top Section"]
[Site "Romulus, MI"]
[Date "2002.06.23"]
[Round "5.4"]
[White "O'Donnell, Robert"]
[Black "Vandivier, Don"]
[Result "1/2-1/2"]
[WhiteElo "2157"]
[BlackElo "1917"]
[Annotator "Don Vandivier"]
[PlyCount "91"]
[EventDate "2002.06.21"]

1. d4 Nf6 2. c4 e5 3. dxe5 Ng4 4. Bf4 Nc6 5. Nf3 Bb4+ 6. Nc3 Bxc3+ 7. bxc3 Qe7
8. Qd5 f6 9. exf6 Nxf6 10. Qd3 d6 11. e3 O-O 12. Be2 Ne4 13. O-O (13. Nd4 {is
another line, but Black gets the better game after} Nc5 14. Qd1 Ne5 15. O-O Kh8
16. Rc1 Bd7 17. Qc2 Qf7) 13... Bf5 14. Qd5+ ({If} 14. Nd4 {Black has 2 lines:}
Nxd4 (14... Bg6 15. Nxc6 bxc6 16. Qd4 c5 17. Qd5+ Kh8 18. Rac1 Bf7 19. Qd3 Bg6
20. Qd1 Qf6 21. Qe1 Rab8 22. f3 Ng5 23. Qd2 Ne6 24. Bg3 Rb6) 15. Qxd4 g5 16.
Bg3 c5 17. Qd5+ Kg7 18. Bf3 Rad8 19. Rac1 h5 20. Bxh5 $2 (20. Rfd1 $1 Nxg3 21.
hxg3 g4 22. Be2 Be6 23. Qe4 (23. Qxh5 $2 Rh8) 23... Qf6) 20... Nxg3 21. hxg3 g4
22. Rce1 (22. f3 $2 Qxe3+ 23. Kh2 Qh6 24. fxg4 Bxg4 25. Rxf8 Rxf8 26. Qxb7+ Kh8
27. Re1 Bxh5 28. Kg1 Qg6) 22... Kh6 23. f3 Be6 24. Qe4 Kxh5 25. fxg4+ Kh6 26.
Rf5 Kg7 27. Ref1 Rde8 28. Rxf8 Rxf8 29. Rxf8 Kxf8 30. Qf4+ Kg7 31. g5 Bf7 32.
g4 Qe6) 14... Kh8 15. Rac1 g5 $5 16. Bg3 (16. Nd4 Bg6 17. Nxc6 bxc6 18. Qd4+
Kg8 19. f3 gxf4 20. fxe4 fxe3 21. Bf3 e2 22. Bxe2 Bxe4 23. Rce1 c5 24. Qe3 Qe5
25. Qh3 Rxf1+ 26. Bxf1 Qf5 27. Qxf5 Bxf5 28. Re7 Rc8) 16... h5 17. Nd4 Bg6 18.
Nxc6 bxc6 19. Qd4+ Kh7 20. f3 (20. Bd3 c5 21. Qd5 h4 22. f3 Nxg3 23. Bxg6+ Kxg6
24. hxg3 Qxe3+ 25. Kh2 hxg3+ 26. Kxg3 Rae8 27. Rfe1 Qf4+ 28. Kf2 Qh4+ 29. Kf1
g4 30. Re6+ (30. Rxe8 Rxe8 31. Qc6 Re7 32. Qd5 gxf3 33. Qg8+ Rg7 34. Qe6+ Kh7
35. Qf5+ Kh8 36. Qxf3 Qh1+ 37. Kf2 Qxc1 38. Qh5+ Kg8 39. Qe8+ Kh7 40. Qe4+ Kh6
41. Qh4+ Kg6 42. Qe4+ Kf6 43. Qf3+ Ke7 44. Qe4+ Kd7 45. Qf5+ Kc6 46. Qf3+ Kb6)
30... Kg7 31. Rce1 gxf3 32. gxf3 c6 $1 33. Qxc6 Qh3+ 34. Kf2 Rxe6 35. Qd7+ Kh8
36. Qxe6 Rxf3+ 37. Ke2 Qxe6+) 20... c5 21. Qd1 Nxg3 22. hxg3 Qxe3+ 23. Kh2 Rae8
24. Re1 Qf2 (24... h4 $3 25. g4 (25. gxh4 $4 Rf4 $3 26. g3 Qf2+ 27. Kh1 Qxg3)
25... Qf2 26. Bf1 (26. Bd3 Qg3+ 27. Kg1 Rxe1+ 28. Qxe1 Qxe1+ 29. Rxe1 Bxd3)
26... Bc2 $3 27. Qxc2+ Qxc2 28. Rxc2 Rxe1) 25. Bd3 Rxe1 (25... h4 $1 26. Bxg6+
Kxg6 27. g4 Qg3+ 28. Kg1 h3 29. Qc2+ Kg7 30. Qd2 Kh8 31. Rxe8 Rxe8 32. Rf1 hxg2
33. Qxg2 Qf4 34. Qh2+ Qxh2+ 35. Kxh2 Re2+ 36. Kg3 Rxa2) 26. Bxg6+ Kxg6 27. Qxe1
Qxe1 (27... Rxf3 {Leads to a draw} 28. Qe4+ Rf5 29. Re1) 28. Rxe1 Rf7 (28...
Kf6 29. Rb1 Re8 30. Rb7 Re3 31. Rxa7 Rxc3 32. Rxc7 Rxc4 33. Rh7 Kg6 34. Rd7 Rd4
35. a4 Kf5 36. a5 Ke6 37. Rh7 Ra4 38. Rxh5 Rxa5) 29. Kg1 Kf6 30. Kf2 c6 31. Rb1
Re7 (31... Kf5 32. Rb8 Rh7 33. Rc8 Rb7 34. Rxc6 Rb2+ 35. Ke3 Ke5 36. f4+ Ke6
37. fxg5 Rxg2 38. Kf4 Rf2+ 39. Ke4 Rc2 40. g6 Rxc3 41. Kf4 Rxc4+ 42. Kg5 Rg4+
43. Kxh5 Rxg3 44. Kh6 Rh3+ 45. Kg7 Ra3 46. Rc7 Rxa2 47. Kh8 Rg2 48. g7 Rh2+ 49.
Kg8 a5 50. Re7+) 32. Rb8 Rc7 33. Rh8 Rb7 34. Rh6+ Ke5 35. Rxh5 Rb2+ 36. Ke3
Rxg2 37. f4+ Kf6 38. Rxg5 Rxa2 39. Rg8 a5 40. Rc8 $6 Rc2 41. Kd3 Rg2 42. Rxc6
Rxg3+ 43. Kc2 Ke7 44. Ra6 Rf3 45. Rxa5 Rxf4 46. Kb3 1/2-1/2

[Event "Bottom-Half Class U1700"]
[Site "Romulus, MI"]
[Date "2002.06.23"]
[Round "5.13"]
[White "Moroney, Timothy"]
[Black "Holden, Anthony"]
[Result "1-0"]
[WhiteElo "1539"]
[BlackElo "1505"]
[Annotator "Tim McGrew"]
[PlyCount "52"]
[EventDate "2002.06.21"]

{Sicilian This is an instructive game. Black plays an unusual move in the
opening and has to go wandering with his queen in order to keep material
equality. White responds in exactly the right way, not trying to hold onto the
material but instead using the exposed Black queen as a punching bag to
develop all of his pieces as rapidly as possible.} 1. e4 c5 2. Nf3 e5 $2 {
Really bad -- but why? Because natural moves by White will lead to a clear
advantage in development.} 3. Nxe5 Qe7 {Otherwise Black has nothing to show
for his pawn.} 4. Nf3 $1 d5 5. d3 (5. e5 {is also possible, but I like
Moroney's choice here. Black is forced to burn tempi regaining the pawn at e4,
and as a result the e-file comes open.}) 5... dxe4 6. dxe4 Qxe4+ 7. Be2 Bf5 8.
Nc3 $1 {A really excellent move that shows why Moroney is such a promising
player. White is actually willing to give up a pawn of his own in order to
develop everything as rapidly as possible. It almost recalls Morphy's Opera
Box game ...} Qxc2 9. Qd5 {This hurts.} Nc6 10. Bb5 Rc8 {Undeveloped positions
are painful to play. Black has no decent checks here: he is reduced to sheer
defensive moves.} 11. O-O (11. Ne5 $1 {is another way to capitalize on the
many weaknesses in the Black camp. One attractive variation runs} Be6 12. Nxc6
Bxd5 13. Nd4+ Bc6 14. Nxc2 {and White has picked up a piece.}) 11... Nf6 12.
Re1+ Be6 13. Rxe6+ $1 {Absolutely correct. The material investment is trivial
and White's last two pieces come into the attack without loss of time.} fxe6
14. Qxe6+ Kd8 15. Bg5 Be7 16. Rd1+ Qxd1+ (16... Kc7 {allows} 17. Bxc6 bxc6 18.
Qxe7+ Kb8 19. Qxg7 $18) 17. Nxd1 a6 18. Bc4 h6 19. Bf4 Re8 20. Ne5 Nxe5 21.
Bxe5 Rc6 22. Qh3 Bd6 23. Bxf6+ gxf6 24. Ne3 Bf8 25. Qf3 Kc8 26. g3 b5 1-0

[Event "Bottom-Half Class U1700"]
[Site "Romulus, MI"]
[Date "2002.06.23"]
[Round "5.15"]
[White "Moore, Robert"]
[Black "Hooks, Jerry"]
[Result "0-1"]
[WhiteElo "1600"]
[BlackElo "1532"]
[PlyCount "90"]
[EventDate "2002.06.21"]

1. e4 Nf6 2. Nc3 d5 3. exd5 Nxd5 4. Nxd5 Qxd5 5. Nf3 Qe4+ 6. Be2 Bg4 7. d3 Qd5
8. O-O e6 9. c4 Qd6 10. Qa4+ Qc6 11. Qxc6+ Nxc6 12. a3 O-O-O 13. Rd1 Be7 14.
Kf1 Bf6 15. Rb1 Bxf3 16. Bxf3 Ne5 17. Be2 Nc6 18. Be3 Rd7 19. b4 Rhd8 20. Ke1
Nd4 21. Bxd4 Bxd4 22. Bf3 Be5 23. Ke2 Rd4 24. g3 Bf6 25. Bg2 g5 26. Bf3 c6 27.
a4 Kc7 28. a5 R4d7 29. b5 c5 30. b6+ axb6 31. axb6+ Kd6 32. Rb5 Ra8 33. Rbb1
Ra6 34. Rb3 Ra2+ 35. Rd2 Ra6 36. Rd1 Bd4 37. Kf1 Ra2 38. Be2 f5 39. f3 Rd8 40.
h4 h6 41. hxg5 hxg5 42. g4 f4 43. Ke1 Rda8 44. Rbb1 Rc2 45. Rd2 Bc3 0-1

[Event "Bottom-Half Class U1300"]
[Site "Romulus, MI"]
[Date "2002.06.23"]
[Round "4.22"]
[White "Mandell, Ed"]
[Black "McShan, Kwame"]
[Result "1/2-1/2"]
[WhiteElo "1298"]
[BlackElo "866"]
[PlyCount "55"]
[EventDate "2002.06.21"]

1. d4 Nf6 2. b3 e6 3. Nf3 d5 4. Bb2 c5 5. c3 Nc6 6. e3 Bd6 7. Bb5 Ne4 8. Nbd2
f5 9. Nxe4 fxe4 10. Ne5 Bxe5 11. Qh5+ Kf8 12. Bxc6 Bf6 13. Bb5 a6 14. Be2 g6
15. Qh6+ Bg7 16. Qf4+ Bf6 17. Ba3 Kg7 18. Bxc5 e5 19. dxe5 Bg5 20. Qg3 Bh4 21.
Qf4 Bg5 22. Qf6+ Bxf6 23. exf6+ Kf7 24. Bd4 Bf5 25. h3 b5 26. f3 Qc7 27. f4 h5
28. Kf2 {Remainder illegible, 43?} 1/2-1/2

[Event "Bottom-Half Class U1700"]
[Site "Romulus, MI"]
[Date "2002.06.23"]
[Round "4.10"]
[White "Katsuhara, Osamu"]
[Black "Robertson, John"]
[Result "1-0"]
[WhiteElo "1549"]
[BlackElo "1552"]
[PlyCount "113"]
[EventDate "2002.06.21"]

1. e4 c5 2. Nf3 d6 3. d4 cxd4 4. Nxd4 Nf6 5. Nc3 Nc6 6. Bg5 e6 7. Qd2 Be7 8.
O-O-O O-O 9. f4 a6 10. Be2 Qa5 11. Kb1 Rd8 12. Nxc6 bxc6 13. Nd5 Qxd2 14. Nxe7+
Kf8 15. Rxd2 Nxe4 16. Rdd1 Bb7 17. Ng6+ hxg6 18. Bxd8 Nf2 19. Ba5 Nxh1 20. Rxh1
c5 21. Rg1 Ke7 22. b3 f6 23. Kc1 e5 24. fxe5 fxe5 25. Kd2 d5 26. Rf1 Rh8 27. h3
e4 28. Bb6 Rc8 29. Ke3 Rc6 30. Ba5 Rf6 31. Rxf6 gxf6 32. Bb6 Kd6 33. Bd8 Ke6
34. h4 d4+ 35. Kf4 e3 36. g4 f5 37. gxf5+ gxf5 38. Bc4+ Bd5 39. Bxd5+ Kxd5 40.
h5 e2 41. Ba5 Ke6 42. Kf3 Kf6 43. Kxe2 Kg5 44. Bb6 Kxh5 45. Bxc5 Kg6 46. Bxd4
Kf7 47. Kd3 Ke6 48. Kc4 Kd6 49. b4 Kc6 50. a4 f4 51. b5+ axb5+ 52. axb5+ Kb7
53. Kc5 f3 54. b6 Kb8 55. Kc6 Kc8 56. b7+ Kb8 57. Be5+ 1-0

[Event "Bottom-Half Class U1900"]
[Site "Romulus, MI"]
[Date "2002.06.23"]
[Round "5.6"]
[White "Kahn, Aaron"]
[Black "Turner, Darrell"]
[Result "0-1"]
[WhiteElo "1800"]
[BlackElo "1781"]
[PlyCount "56"]
[EventDate "2002.06.21"]

1. e4 d6 2. d4 Nf6 3. Nc3 g6 4. Be3 Bg7 5. Qd2 c6 6. h3 Nbd7 7. Nf3 O-O 8.
O-O-O b5 9. Bd3 Qa5 10. Kb1 Rb8 11. Nd5 Qd8 12. Nb4 Bb7 13. Qc3 c5 14. dxc5
Nxe4 15. Qe1 Ndxc5 16. Bxe4 Nxe4 17. Bxa7 Rc8 18. Bd4 e5 19. Be3 d5 20. Nd2 Nd6
21. f3 d4 22. Bf2 Nc4 23. Nb3 Re8 24. Qf1 Qc7 25. Rg1 Nxb2 26. Kxb2 Qc3+ 27.
Kb1 Qxb4 28. Be1 Qa4 0-1

[Event "Bottom-Half Class U1500"]
[Site "Romulus, MI"]
[Date "2002.06.23"]
[Round "5.15"]
[White "Imai, Toshio"]
[Black "Wood, Jack"]
[Result "0-1"]
[WhiteElo "1410"]
[BlackElo "1412"]
[PlyCount "52"]
[EventDate "2002.06.21"]

1. e4 c5 2. d4 cxd4 3. Nf3 e6 4. Nxd4 a6 5. f4 Qc7 6. c4 Nc6 7. Nc3 Bb4 8. Nxc6
bxc6 9. Qg4 g6 10. e5 d6 11. Qg3 Nh6 12. Bd3 Bc5 13. Be3 Bxe3 14. Qxe3 dxe5 15.
fxe5 Ng4 16. Qh3 Qxe5+ 17. Be2 Ne3 18. Qf3 Bb7 19. Kf2 Nc2 20. Rad1 Nd4 21. Qg3
Qf5+ 22. Bf3 c5 23. Rhe1 Bxf3 24. gxf3 Qc2+ 25. Kf1 Qxb2 26. Qe5 O-O 0-1

[Event "Bottom-Half Class Top Section"]
[Site "Romulus, MI"]
[Date "2002.06.23"]
[Round "4.4"]
[White "Imai, Toshio"]
[Black "Vandivier, Don"]
[Result "0-1"]
[WhiteElo "1410"]
[BlackElo "1917"]
[PlyCount "58"]
[EventDate "2002.06.21"]

{Cross-section game} 1. e4 c5 2. d4 cxd4 3. c3 dxc3 4. Nxc3 Nc6 5. Nf3 e6 6.
Bc4 Qc7 7. Qe2 a6 8. O-O Nf6 9. e5 Ng4 10. Bf4 d6 11. exd6 Bxd6 12. Bxd6 Qxd6
13. Rfd1 Qc5 14. Ne4 Qh5 15. Nd6+ Ke7 16. h3 Nge5 17. Nxe5 Qxe5 18. Qxe5 Nxe5
19. Bb3 Rd8 20. Nxc8+ Raxc8 21. Rxd8 Rxd8 22. Re1 Nd3 23. Re2 Nc1 24. Re3 Rd2
25. Kf1 Rxb2 26. Rc3 Nxb3 27. axb3 Kd6 28. Rd3+ Ke7 29. Rc3 b5 0-1

[Event "Bottom-Half Class U1700"]
[Site "Romulus, MI"]
[Date "2002.06.23"]
[Round "4.14"]
[White "Hooks, Jerry"]
[Black "Moroney, Timothy"]
[Result "1/2-1/2"]
[WhiteElo "1534"]
[BlackElo "1539"]
[PlyCount "120"]
[EventDate "2002.06.21"]

1. c4 c6 2. Nc3 d5 3. cxd5 cxd5 4. d4 Nc6 5. Nf3 Nf6 6. g3 Bf5 7. Bg2 e6 8. O-O
Rc8 9. Qb3 b6 10. a3 Bd6 11. Bg5 h6 12. Bd2 O-O 13. Rac1 Qd7 14. Nb5 Bb8 15.
Nc3 Na5 16. Qa2 Nc4 17. b3 Nd6 18. Ne5 Qe7 19. e3 Nfe4 20. Nxe4 Bxe4 21. Bb4
Bxg2 22. Kxg2 Qb7 23. Qb2 a5 24. Bxd6 Bxd6 25. Nd3 Rfd8 26. a4 Rd7 27. Rxc8+
Qxc8 28. Rc1 Rc7 29. Rxc7 Qxc7 30. Qc1 Qxc1 31. Nxc1 Kf8 32. h3 Ke7 33. Kf3 e5
34. g4 Ke6 35. h4 f5 36. gxf5+ Kxf5 37. dxe5 Bxe5 38. Nd3 Bf6 39. h5 Kg5 40.
Nf4 d4 41. exd4 Kf5 42. d5 Ke5 43. d6 Kxd6 44. Ke4 Bd8 45. Nd5 Ke6 46. f4 Kd6
47. f5 Bf6 48. Nxb6 Kc5 49. Nd5 Bb2 50. Ne7 Kb4 51. Nc6+ Kxb3 52. Nxa5+ Kxa4
53. Nc4 Ba1 54. Kd5 Kb4 55. Nd6 Kc3 56. f6 gxf6 57. Nf5 Kd3 58. Nxh6 Ke3 59.
Nf5+ Kf4 60. Ke6 Kg5 1/2-1/2

[Event "Bottom-Half Class U1700"]
[Site "Romulus, MI"]
[Date "2002.06.23"]
[Round "4.13"]
[White "Holden, Anthony"]
[Black "Loo, James"]
[Result "0-1"]
[WhiteElo "1505"]
[BlackElo "1689"]
[PlyCount "120"]
[EventDate "2002.06.21"]

1. d4 c5 2. e3 e6 3. c3 Nf6 4. Bd3 Nc6 5. f4 b6 6. Nf3 Bb7 7. O-O Ne7 8. Nbd2
Ned5 9. Nc4 Nc7 10. Qc2 Be7 11. f5 d6 12. Ng5 h6 13. Nh3 Ba6 14. fxe6 fxe6 15.
Bg6+ Kd7 16. Bd3 g5 17. dxc5 bxc5 18. Ne5+ Ke8 19. Qa4+ Kf8 20. Bxa6 dxe5 21.
Bc4 Qe8 22. Qc2 Kg7 23. b3 Qg6 24. Bd3 e4 25. Be2 Rad8 26. Bb2 Rd7 27. Rf2 Rhd8
28. Raf1 Rd2 29. Qc1 R2d7 30. c4 Rf8 31. Be5 Nce8 32. Qb2 h5 33. a3 a5 34. Qc3
Ra7 35. Bd1 Kg8 36. Bc2 Ng4 37. Rxf8+ Bxf8 38. Nf2 Nxe5 39. Qxe5 Bd6 40. Qxe4
Qxe4 41. Nxe4 Be7 42. Bd1 Ng7 43. Nc3 Rd7 44. Kf2 Rd3 45. Ne4 g4 46. Ke2 Rd8
47. Nc3 Rf8 48. Rxf8+ Kxf8 49. Nb5 Kf7 50. Na7 Bd6 51. h3 Kf6 52. Kf2 Kg5 53.
Nb5 Be5 54. Na7 gxh3 55. gxh3 Kh4 56. Nc6 Bc7 57. Bf3 Kxh3 58. Bg2+ Kg4 59. Ne7
Bg3+ 60. Ke2 h4 {Remainder unavailable} 0-1

[Event "Bottom-Half Class U1900"]
[Site "Romulus, MI"]
[Date "2002.06.23"]
[Round "5.7"]
[White "Herndon, Robert"]
[Black "Gadson, Joseph"]
[Result "0-1"]
[WhiteElo "1868"]
[BlackElo "1730"]
[PlyCount "66"]
[EventDate "2002.06.21"]

1. e4 e5 2. Nf3 Nc6 3. Bb5 Nf6 4. Bxc6 dxc6 5. O-O Bg4 6. d3 Bc5 7. Nbd2 Qe7 8.
Re1 Rd8 9. Qe2 O-O 10. Nf1 h6 11. h3 Bh5 12. Ng3 Bg6 13. Nh4 Ne8 14. Nhf5 Qd7
15. Qf3 Nd6 16. Bd2 Nb5 17. Be3 Bd4 18. Rab1 c5 19. Qg4 Nd6 20. h4 h5 21. Qg5
Kh7 22. Nxg7 Bxe3 23. Rxe3 f6 24. Qxh5+ Bxh5 25. N3xh5 f5 26. Rg3 Rf7 27. Re1
f4 28. Rg5 Rg8 29. Nf5 Rxg5 30. hxg5 Nxf5 31. exf5 Qxf5 32. Nf6+ Rxf6 33. gxf6
Qxf6 0-1